|
|
|
|
| LEADER |
00000cam a2200000 a 4500 |
| 001 |
1/111404 |
| 008 |
160722s2007####gr | ||| |||| ||gre|| |
| 040 |
|
|
|a GR-MyUa
|b gre
|c GR-MyUa
|e AACR2
|
| 041 |
0 |
|
|a gre
|
| 082 |
7 |
|
|a 700.92
|2 (23)
|
| 100 |
1 |
|
|a Ντούτσουλη, Σταματίνα.
|
| 245 |
1 |
0 |
|a Σταματίνα Ντούτσουλη :
|b νύχτα κυνόεσσα.
|
| 260 |
|
|
|a [Χ. τ. :
|b χ. ό.],
|c 2007.
|
| 300 |
|
|
|a [15] φύλλα :
|b εικ. ;
|c 24 εκ.
|
| 500 |
|
|
|a Κατάλογος έκθεσης: Αστρολάβος - Δεξαμενή, Οκτ 2007.
|
| 600 |
1 |
7 |
|2 nlgaf
|a Ντούτσουλη, Σταματίνα
|v Exhibitions.
|
| 852 |
|
|
|a INST
|b SYROS
|e 20160722
|h 700.92 ΝΤΟ
|p 005500012682
|q 005500012682
|t BK
|y 0
|
| 970 |
|
|
|a Κοντού
|b Παρασκευή
|z 22/07/2016
|